Datum a čas kvízu
31
Celkem bodů
Celkový počet nahraných bodů na tomto kvízu bez doplňovacích otázek.
4.
Pořadí na kvízu
Konečné umístění týmu na tomto kvízu.
Zaznamenané odpovědi
| # | Otázka | Odpověď | Body | Výsledky |
|---|---|---|---|---|
| 1. | Jak se jmenuje bývalý vrcholný... | Jan Hamáček | 0 | |
| 2. | Pokutami v celkové výši přes 3... | Donald Trump | 1 | |
| 3. | Jak se nazývá oblíbený komiks,... | Čtyřlístek | 1 | |
| 4. | Nejstarší hračkářství na světě... | Hamleys | 1 | |
| 5. | Pražská Sparta si z úvodního z... | 3:2 | 0 | |
| 6. | Obec s nejdelším názvem v Česk... | A | 1 | |
| 7. | Česká republika se dělí na 14... | Karlovy Vary, Jihlava | 0.5 | |
| 8. | Nejníže položené sídlo v České... | Hřensko | 0 | |
| 9. | V této otázce bude potřeba k z... | 1D 2C 3B 4A | 0 | |
| 10. | V České republice jsou čtyři ú... | Krkonošský NP | 0 |